00920nam a2200241 a 450000100060000000300080000600500170001400800410003102000160007203500190008804000320010704100080013908200300014710000200017724501540019726000480035130000340039950000710043350400500050465000450055465000290059971000500062867880BD-RjUL20211209081713.0170329s1990 ii b 001 0 eng d a8120405196  a(BD-RjUL)68089 aDLCcDLCdDLCdBD-RjULbeng aeng00a333.9100954223bVEW 19901 aVerghese, B. G.10aWaters of hope :bintegrated water resource development and regional cooperation within the Himalayan-Ganga-Brahmaputra-Barak basin /cB.G. Verghese. aNew Delhi :bOxford & IBH Pub. Co.,cc1990. axvi, 446 p. :bill. ;c25 cm. a"Under the auspices of the Centre for Policy Research, New Delhi." aIncludes bibliographical references and index 0aWater resources developmentzSouth Asia. 0aSouth Asian cooperation.1 aCentre for Policy Research (New Delhi, India)